Movies Quiz

Random Movies or Clickable Quiz
Score 0/40 Timer 08:00
0 Plays Today
% Correct
Harry Potter and the Chamber of Secrets
95.5%
Men in Black II
94.9%
Spider-Man
94.8%
Austin Powers in Goldmember
94.8%
The Lord of the Rings: The Two Towers
93.5%
8 Mile
92.6%
The Bourne Identity
91.9%
Ice Age
90.4%
The Crocodile Hunter: Collision Course
90%
Catch Me If You Can
89.6%
Die Another Day
89.4%
Maid in Manhattan
88.2%
Chicago
87%
Sweet Home Alabama
86.7%
Star Wars: Episode II - Attack of the Clones
86.4%
Gangs of New York
85.8%
Panic Room
85.2%
Minority Report
85%
Lilo & Stitch
83.9%
Mr. Deeds
83.5%
% Correct
Scooby-Doo
82.8%
Blade II
82.6%
Analyze That
82.5%
Star Trek: Nemesis
82.1%
xXx
81.6%
The Scorpion King
81.5%
The Pianist
81.2%
Bend It Like Beckham
81.1%
Signs
80.5%
The Transporter
79.1%
Frida
78.4%
Road to Perdition
78.3%
The Hot Chick
78.1%
Resident Evil
76%
About Schmidt
75.6%
One Hour Photo
75.5%
The Tuxedo
75.4%
Crossroads
74.8%
Like Mike
73.4%
Van Wilder
71.1%
Remove Ads.
Support Sporcle.
Get the best of Sporcle when you Go Orange. This ad-free experience offers more features, more stats, and more fun while also helping to support Sporcle. Thank you for becoming a member.

You're not logged in!

Compare scores with friends on all Sporcle quizzes.
OR
Log In

Show Comments

Extras

Top Quizzes Today


Score Distribution

Your Account Isn't Verified!

In order to create a playlist on Sporcle, you need to verify the email address you used during registration. Go to your Sporcle Settings to finish the process.

Report this User

Report this user for behavior that violates our Community Guidelines.

Details: